000
00232 a2200097 4500
001
55090
100
_a
245
_a
Plumbing encyclopaedia, 3rd Ed
260
_a
Oxford UK
_b
Blackie & Sons Ltd
_c
2003
090
_c
34154
_d
34154
942
_a
NUST-CAE
_c
MONOGRAPH
_c
26841
999
_c
290163
_d
290163